000 00341pab a2200133 454500
008 180718b xxu||||| |||| 00| 0 eng d
100 _aDharmarajan, C.
245 _aBureaucracy: administrative culture
650 _a Civil Service
650 _a Administrative Culture
650 _aBureaucracy
773 _aDemocratic World
909 _a24272
999 _c24272
_d24272